000 00446cam a2200181ua 4500
001 1470
008 110709n ii |||gr||||Z||||||asm
040 _cMAIN
082 _a350
100 _aGogoi, Purandar,
_eAuthor.
245 1 _aLoka Prakashan parichay
_cby Purandar Gogoi
250 _a4th.
260 _aDibrugarh:
_bBanalata,995.
300 _a196p:
_c23cm.
653 _aPolitical science
653 _aPublic administration
942 _cBK
999 _c1359
_d1359